Представление документа в формате RUSMARC

ПолеНазваниеЗначение
  Тип записи a
  Библиографический уровень a
001 Контрольный номер RU/CBS_UL/BASE/d79b26b9077b4aabb2913c91c08dc161
005 Дата корректировки 20240310135428.0
100 Данные общей обработки __
a Данные общей обработки 20240310 ||| 0rusy0189 ca
101 Язык документа 0_
a Язык текста rus
102 Страна публикации __
a Страна публикации RU
200 Заглавие и сведения об ответственности 1_
a Заглавие Трюки с обручем
e Сведения, относящиеся к заглавию [проект для детей старшего дошкольного возраста]
f Первые сведения об ответственности Т. Моисеева
300 Общие примечания __
a Общие примечания 16+
461 Уровень набора _0
1 2000
a Халах Шкуле
463 Уровень физической единицы _0
1 2000
a № 1
v С. 63-64
1 2101
d 2024
1 001RU/CBS_UL/BASE/1111762c07ee4e58b1eefd4dc40c76b6
606 Тематические рубрики 0_
a Основная рубрика Дошкольная педагогика
610 Ключевые слова 0_
a Ключевые слова дошкольники
610 Ключевые слова 0_
a Ключевые слова дошкольные учреждения
610 Ключевые слова 0_
a Ключевые слова Трюки с обучением (физкультурно-оздоровительный проект)
610 Ключевые слова 0_
a Ключевые слова обручи
610 Ключевые слова 0_
a Ключевые слова физическая культура
686 Индексы других классификаций __
2 Код системы rubbk
a Классификационный индекс 74.100.5
700 Автор _1
a Фамилия Моисеева
b Имя (инициалы) Т.
801 Источник записи _0
a Страна RU
b Организация МБУК ЦБС г. Ульяновска
c Дата составления 20240310
g Правила каталогизации RCR
801 Источник записи _1
a Страна RU
b Организация МБУК ЦБС г. Ульяновска
c Дата составления 20240310
g Правила каталогизации RCR
901 Тип документа __
t Тип документа b
w Контрольный № источника RU/CBS_UL/BASE/1111762c07ee4e58b1eefd4dc40c76b6
909 Создатель записи __
a Создатель записи lib17